书目信息 |
| 题名: |
高等学校建筑类专业英语规划教材
|
|
| 作者: | 杨豪中 , 徐娅 主编 | |
| 分册: | 艺术设计专业 | |
| 出版信息: | 北京 中国建筑工业出版社 2010.09 |
|
| 页数: | 406页 | |
| 开本: | 26cm | |
| 丛书名: | ||
| 单 册: | ||
| 中图分类: | H31 | |
| 科图分类: | ||
| 主题词: | 建筑艺术--jian zhu yi shu--英语--高等学校--教材 , 建筑学--jian zhu xue--英语--高等学校--教材 | |
| 电子资源: | ||
| ISBN: | 978-7-112-12200-4 | |
| 000 | 01100nam0 2200301 450 | |
| 001 | B20110004256 | |
| 005 | 20110714160646.45 | |
| 010 | @a978-7-112-12200-4@dCNY46.00 | |
| 100 | @a20101029d2010 em y0chiy50 ea | |
| 101 | 0 | @achi@aeng |
| 102 | @aCN@b110000 | |
| 105 | @aa z 000yy | |
| 106 | @ar | |
| 200 | 1 | @a高等学校建筑类专业英语规划教材@Agao deng xue jiao jian zhu lei zhuan ye ying yu gui hua jiao cai@i艺术设计专业@d= English for art design@f杨豪中, 徐娅主编@zeng |
| 210 | @a北京@c中国建筑工业出版社@d2010.09 | |
| 215 | @a406页@c图@d26cm | |
| 330 | @a本书采用近似于单元式的结构,全书共分四个单元,即学科背景、艺术设计专业知识、艺术设计专业前沿发展、艺术设计专业设计实践。 | |
| 333 | @a英语学习人员 | |
| 510 | 1 | @aEnglish for art design@zeng |
| 517 | 1 | @a艺术设计专业@Ayi shu she ji zhuan ye |
| 586 | @a | |
| 606 | 0 | @a建筑艺术@Ajian zhu yi shu@x英语@x高等学校@j教材 |
| 606 | 0 | @a建筑学@Ajian zhu xue@x英语@x高等学校@j教材 |
| 690 | @aH31@v5 | |
| 701 | 0 | @a杨豪中@Ayang hao zhong@4主编 |
| 701 | 0 | @a徐娅@Axu ya@4主编 |
| 801 | 0 | @aCN@c20110610 |
| 905 | @dH31@eY190@f5 | |
| 高等学校建筑类专业英语规划教材.艺术设计专业= English for art design/杨豪中, 徐娅主编.-北京:中国建筑工业出版社,2010.09 |
| 406页:图;26cm |
| 使用对象:英语学习人员 |
| ISBN 978-7-112-12200-4:CNY46.00 |
| 本书采用近似于单元式的结构,全书共分四个单元,即学科背景、艺术设计专业知识、艺术设计专业前沿发展、艺术设计专业设计实践。 |
| ● |
| 相关链接 |
|
|
|
正题名:高等学校建筑类专业英语规划教材
索取号:H31/Y190
 
预约/预借
| 序号 | 登录号 | 条形码 | 馆藏地/架位号 | 状态 | 备注 |
| 1 | 884045 | 208840450 | 语言库209/209语言库 89排1列5层/ [索取号:H31/Y190] | 在馆 | |
| 2 | 884046 | 208840469 | 语言库209/209语言库 89排1列5层/ [索取号:H31/Y190] | 在馆 | |
| 3 | 884047 | 208840478 | 语言库209/209语言库 89排1列5层/ [索取号:H31/Y190] | 在馆 | |
| 4 | 884048 | 208840487 | 语言库209/209语言库 89排1列5层/ [索取号:H31/Y190] | 在馆 | |
| 5 | 884049 | 208840496 | 语言库209/209语言库 89排1列5层/ [索取号:H31/Y190] | 在馆 |